Krkonoše : mapa pro horská kola : 32 trasy

Další autoři: Horák, Václav, 1951-
Jazyk: Nizozemština
Němčina
Čeština
Angličtina
Vydáno: Praha : CNC, c1996
Vydání: 1. vyd.
Témata:
Fyzický popis: [1] slož. list ; 46 x 63 cm
Mapy
Uloženo v:
LEADER 01394nem a2200409 a 4500
001 000303033
003 CZ BrMZK
005 20040702092351.0
007 a c
008 010907s1996 xr XX 1 cze d
015 |a cnb000151284 
020 |a 80-901928-2-3 
034 1 |a a  |b 50000 
040 |a BOA001  |b cze 
041 1 |a cze  |a ger  |a eng  |a dut 
043 |a e-xr---  |b e-xr-cc  |a e-pl---  |2 czenas 
080 |a 912.43:796.61  |2 MRF 
080 |a (437.31-17)  |2 MRF 
080 |a (438-14)  |2 MRF 
080 |a (234.572)  |2 MRF 
080 |a (084.3)  |2 MRF 
080 |a 796.61  |2 MRF 
245 0 0 |a Krkonoše :  |b mapa pro horská kola : 32 trasy  |h [kartografický dokument] /  |c [text Václav Horák] 
246 3 3 |a Krkonoše - mapa pro horská kola 
250 |a 1. vyd. 
255 |a 1:50^000 
260 |a Praha :  |b CNC,  |c c1996 
300 |a [1] slož. list ;  |c 46 x 63 cm 
500 |a Název v tiráži: Krkonoše - mapa pro horská kola 
500 |a Text na rubu též anglicky, německy a holandsky 
650 0 7 |a cykloturistika  |7 ph114274  |z Česko  |2 czenas 
655 7 |a cykloturistické mapy  |7 fd131996  |2 czenas 
651 7 |a Krkonoše (Česko a Polsko : pohoří)  |7 ge134289  |2 czenas 
700 1 |a Horák, Václav,  |d 1951-  |7 jk01042118  |4 wfw 
910 |a BOA001  |b PK-0129.643 
990 |a MP 
996 7 |b 3119011878  |c PK-0129.643  |l MZK  |r Sklad / do 1 hodiny  |n 5  |p kup  |w 000303033  |u 000010  |a 1  |e BOA001  |j MZK50  |s A